Qisa Kahanian (Record no. 321393)

000 -LEADER
fixed length control field 00338 a2200133 4500
001 - CONTROL NUMBER
control field 86320
003 - CONTROL NUMBER IDENTIFIER
control field NUST
005 - DATE AND TIME OF LATEST TRANSACTION
control field 20180122132904.0
008 - FIXED-LENGTH DATA ELEMENTS--GENERAL INFORMATION
fixed length control field 180122b xxu||||| |||| 00| 0 eng d
020 ## - INTERNATIONAL STANDARD BOOK NUMBER
International Standard Book Number 9789693523911
082 ## - DEWEY DECIMAL CLASSIFICATION NUMBER
Classification number 891.4393 INT
100 ## - MAIN ENTRY--PERSONAL NAME
Personal name Intizar Hussain
9 (RLIN) 9473
245 ## - TITLE STATEMENT
Title Qisa Kahanian
Statement of responsibility, etc. Intizar Hussain
Medium Urdu
260 ## - PUBLICATION, DISTRIBUTION, ETC.
Place of publication, distribution, etc. Lahore
Name of publisher, distributor, etc. Sang-e-Meel Publishers Lahore
Date of publication, distribution, etc. 2011
300 ## - PHYSICAL DESCRIPTION
Extent 410p
942 ## - ADDED ENTRY ELEMENTS (KOHA)
Institution code [OBSOLETE] AHQ
Koha item type Book
Call number prefix 891.4393 INT
Source of classification or shelving scheme
Holdings
Withdrawn status Lost status Damaged status Not for loan Collection code Permanent Location Current Location Date acquired Total Checkouts Full call number Barcode Date last seen Price effective from Koha item type
          College of Aeronautical Engineering (CAE) College of Aeronautical Engineering (CAE) 04/03/2017   891.4393 INT CAE85289 04/05/2017 04/05/2017 Book
© 2023 Central Library, National University of Sciences and Technology. All Rights Reserved.